| 000 | 01590ngm a22004330a 4500 | ||
|---|---|---|---|
| 001 | PT38212 | ||
| 003 | AR-LpoUNG | ||
| 005 | 20210202000517.0 | ||
| 007 | vd cvaizq | ||
| 008 | 191001ss.f.||||ag |||||||||||||||||spa d | ||
| 037 | _c$13.75 | ||
| 040 |
_aAR-LpoUNG _bspa _cAR-LpoUNG _eaacr |
||
| 041 |
_aspa _afre |
||
| 044 | _aag | ||
| 082 | 0 | _a940.540 5 831tie | |
| 100 | 1 |
_aRossif, Frédéric _edir. |
|
| 245 | 1 | 4 | _aLos tiempos de Ghetto |
| 260 |
_aBuenos Aires : _bBlackman, _c[s.f.]. |
||
| 300 | _aDVD (80 min.) : son., col. | ||
| 505 | 0 | _aDialogos en francés. - Subtitulada en español | |
| 520 | _aDespués de la entrada de Polonia, los alemanes imponen a los judíos el uso de la Estrella de David en tela amarilla cosida a sus ropas y los confinan al infierno denominado GHETTO. En junio de 1943, la Resistencia Judía del Ghetto de Varsovia, prefiere morir con las armas en las manos que continuar siendo víctimas de la política de exterminio implantada por las nazis. Esta es la historia verídica documental y testimonial realizada con material tomado dentro del ghetto y acompañada por testimonios dramáticos de sobrevivientes | ||
| 650 | 4 | _aANTISEMITISMO | |
| 650 | 4 | _aCAMPOS DE CONCENTRACION | |
| 650 | 4 | _aCRIMENES DE GUERRA | |
| 650 | 4 | _aDISCRIMINACION RACIAL | |
| 650 | 4 | _aGUERRA | |
| 650 | 4 | _aHISTORIA | |
| 650 | 4 | _aJUDIOS | |
| 651 | 4 | _aEuropa | |
| 653 | _aBELICO | ||
| 653 | _aDOCUMENTALES | ||
| 653 | _aDVD | ||
| 653 | _aGHETTOS | ||
| 653 | _aNAZISMO | ||
| 653 | _aRACISMO | ||
| 653 | _aVIDEOS | ||
| 905 | _a38212 | ||
| 942 | _cDVD | ||
| 999 |
_c54993 _d54993 |
||